Can you name all the Spanish tenses? - Statistics

General Stats
  • This quiz has been taken 15 times
  • The average score is 5 of 19
Answer Stats
Example Answer % Correct
ellos vivieron simple past
75%
yo hablo simple present
67%
tú has aprendido present perfect
58%
nosotros estamos viviendo present progressive
58%
usted hablará future
50%
nosotros hablábamos past progressive
42%
ella viviría conditional
33%
¡Habla! imperative
33%
ella había aprendido past perfect
33%
nostros habremos aprendido future perfect
17%
el estará aprendiendo future progressive
17%
que ellos aprendan present subjunctive
17%
tú hubiste vivido past anterior
8%
tú habrías hablado conditional perfect
0%
ellas estaban hablando imperfect progressive
0%
que yo viviera imperfect subjunctive
0%
que vosotros hayáis hablado perfect subjuntive
0%
que usted hubiera aprendido pluperfect subjunctive
0%
yo estuve aprendiendo preterite progressive
0%
No matching quizzes found
Score Distribution
Percent of People with Each Score
Percentile by Number Answered
Your Score History
You have not taken this quiz